Overly complex? (Record no. 73917)

MARC details
000 -LEADER
fixed length control field 01329cam a2200229 4500
001 - CONTROL NUMBER
control field ABS67368
008 - FIXED-LENGTH DATA ELEMENTS--GENERAL INFORMATION
fixed length control field 031203n2003 000 0 eng u
035 ## - SYSTEM CONTROL NUMBER
System control number (Sirsi) u124554
100 ## - MAIN ENTRY--PERSONAL NAME
Personal name Danskin, D.
245 ## - TITLE STATEMENT
Title Overly complex?
260 ## - PUBLICATION, DISTRIBUTION, ETC.
Date of publication, distribution, etc. 2003
490 ## - SERIES STATEMENT
Series statement Estates Gazette
Volume/sequential designation (0347) 22 November 2003, 150-151(2)
520 ## - SUMMARY, ETC.
Summary, etc. Defines the term overage with examples. Highlights problems which can occur with overage provisions in the development process with reference to recent case law. "Akasuc Enterprise v Farmar and Shirreff" ([2003] EWHC 1275 (Ch), [2003] PLSCS 127) demonstrates what can happen with poor security arrangements; "Bride Hall Estates Ltd v St George North London Ltd'' ([2003] EWHC 927 (Ch), [2003] PLSCS 105) deals with supplemental agreements whilst "MoD v County and Metropolitan Homes (Rissington) Ltd" ([2002] EWHC 2113 (Ch), [2002] 44 EG 170 (CS)) shows how important it is to keep on top of paperwork. Stresses the importance of clarity in the working of overage provisions.
590 ## - LOCAL NOTE (RLIN)
Local note ABS
650 ## - SUBJECT ADDED ENTRY--TOPICAL TERM
Topical term or geographic name entry element OVERAGE PAYMENTS
650 ## - SUBJECT ADDED ENTRY--TOPICAL TERM
Topical term or geographic name entry element AKASUC ENTERPRISE LTD V FARMAR AND SHIRREFF
650 ## - SUBJECT ADDED ENTRY--TOPICAL TERM
Topical term or geographic name entry element BRIDE HALL ESTATES LTD V ST GEORGE NORTH LONDON
650 ## - SUBJECT ADDED ENTRY--TOPICAL TERM
Topical term or geographic name entry element MOD V COUNTRY AND METROPOLITAN HOMES (RISSINGTON) LTD
650 ## - SUBJECT ADDED ENTRY--TOPICAL TERM
Topical term or geographic name entry element DEVELOPMENT PROCESS
690 ## - LOCAL SUBJECT ADDED ENTRY--TOPICAL TERM (OCLC, RLIN)
Topical term or geographic name as entry element PROPERTY
942 ## - ADDED ENTRY ELEMENTS (KOHA)
Suppress in OPAC 0
Holdings
Withdrawn status Lost status Source of classification or shelving scheme Damaged status Not for loan Home library Current library Shelving location Date acquired Total Checkouts Full call number Barcode Date last seen Copy number Price effective from Koha item type
    Dewey Decimal Classification     London London Journal article 03/12/2003   ABS67368 124554-1001 06/08/2019 1 06/08/2019 Journal article